000 01211nam a2200313Ia 4500
001 ebr10150395
003 CaPaEBR
006 m u
007 cr cn|||||||||
008 050809s2006 nyu sbi 001 0 eng d
010 _z 2005053900
020 _z1403982988
020 _z1403971293 (alk. paper)
040 _aCaPaEBR
_cCaPaEBR
035 _a(OCoLC)567965009
050 1 4 _aDS721
_b.C4754615 2006eb
082 0 4 _a305.895/1
_222
100 1 _aChen, Lingchei Letty.
245 1 0 _aWriting Chinese
_h[electronic resource] :
_breshaping Chinese cultural identity /
_cLingchei Letty Chen.
260 _aNew York :
_bPalgrave Macmillan,
_c2006.
300 _aviii, 222 p.
504 _aIncludes bibliographical references and index.
533 _aElectronic reproduction.
_bPalo Alto, Calif. :
_cebrary,
_d2009.
_nAvailable via World Wide Web.
_nAccess may be limited to ebrary affiliated libraries.
650 0 _aNational characteristics, Chinese.
650 0 _aCultural awareness
_zChina.
655 7 _aElectronic books.
_2local
710 2 _aebrary, Inc.
856 4 0 _uhttp://site.ebrary.com/lib/rucke/Doc?id=10150395
_zAn electronic book accessible through the World Wide Web; click to view
999 _c94593
_d94593